000 00544nam a2200169Ia 4500
008 240729s9999 xx 000 0 und d
022 _a2406-128X
245 0 _aFME Transactions
260 _aSerbia
260 _bUniversity of Belgrade - Faculty of Mechanical Engineering, Belgrade
650 _a Engineering (General). Civil engineering (General)
650 _a Mechanics of engineering. Applied mechanics
650 _aTechnology
856 _uhttps://doaj.org/toc/098ee1de21c24ee28ac62752018b5251
942 _2ddc
942 _cDOAJEJ
999 _c72104
_d72104
945 _a1
_bMadushi Gamage
_c1
_dMadushi Gamage